000 00723nam a2200205 a 4500
001 000034084
005 20200930070747.0
008 110914s2006 ag 000 0 spa d
020 _a9789505564828
040 _aDO-SdBNP
_bspa
_cBNPHU
100 1 _aPuiggrós, Rodolfo,
_d1906-1980.
_931702
245 1 3 _aEl yrigoyenismo /
_cRodolfo Puiggrós.
260 _aBuenos Aires, Argentina :
_bEditorial Galerna,
_c2006.
300 _a224 p. :
_bil. ;
_c23 cm.
490 1 _aHistoria crítica de los partidos políticos Argentinos
_v2
490 1 _aBiblioteca popular
_aDocumentos
830 0 _aHistoria crítica de los partidos políticos Argentinos
_v2
_959410
830 0 _aBiblioteca popular
_pDocumentos
_959411
049 _aBNPD
999 _c33575
_d33575